000 00405pab a2200157 454500
008 180718b2005 xxu||||| |||| 00| 0 eng d
100 _aPage, Edward C.
245 _aIs competency management a passing FAD?: conclusion
260 _c2005
300 _ap.853-60.
650 _aManagement
700 _aLodge, Martin
700 _aHood, Christopher
773 _aPublic Administration
909 _a70304
999 _c70304
_d70304